Movies Quiz

Random Movies Quiz

Olivia Wilde Movies Quiz Stats

Quiz not verified by Sporcle

Challenge
Share
Tweet
Embed
Score 0/29 Timer 07:00
0 Plays Today
Year Answer % Correct
2018A Vigilante
100%
2010Tron : Legacy
83.8%
2013Drinking Buddies
78.4%
2009Year One
70.3%
2012Butter
67.6%
2015The Lazarus Effect
64.9%
2015Love The Coopers
64.7%
2006Alpha Dog
62.2%
2011Cowboys & Aliens
62.2%
2013The Incredible Burt Wonderstone
62.2%
2010The Next Three Days
59.5%
2011The Change-up
59.5%
2013Third Person
54.1%
2004The Girl Next Door
48.6%
2012Deadfall
48.6%
Year Answer % Correct
2013Rush
45.9%
2014Better Living Through Chemistry
43.2%
2014The Longest Week
43.2%
2015Meadowland
41.2%
2011In Time
40.5%
2012People Like Us
37.8%
2013Her
37.8%
2005Conversations with other women
24.3%
2006Turistas
24.3%
2007The Death and Life of Bobby Z
24.3%
2006Bickford Shmeckler's Cool Ideas
21.6%
2008Fix
21.6%
2011On The Inside
21.6%
2012The Words
21.6%

You're not logged in!

Compare scores with friends on all Sporcle quizzes.
Join for Free
OR
Log In

You Might Also Like...

Show Comments

Extras

Created Jun 13, 2015SourceReportNominate
Tags:character, olivia, wilde

Top Quizzes Today


Score Distribution

Your Account Isn't Verified!

In order to create a playlist on Sporcle, you need to verify the email address you used during registration. Go to your Sporcle Settings to finish the process.

Report this User

Report this user for behavior that violates our Community Guidelines.

Details: